000
00274nam a22001217a 4500
008
230620b xxu||||| |||| 00| 0 eng d
082
_a
316.76
_b
CBS
100
_c
CBS
245
_a
Statistical Abstract 1982
260
_a
Kenya
_b
CBS
_c
1982
300
_a
335p
942
_2
ddc
_c
BK
999
_c
1493
_d
1493